00973nam a2200337Ia 4500008003600000020001800036041000800054082001500062100002100077245009900098260004700197300000800244650001300252650000900265650000800274650001200282650000900294650001000303650001300313650001000326650000600336650001200342650001500354650001300369650001000382650001100392690001800403906001100421999001900432952018400451210210b xxu||||| |||| 00| 0 eng d a9789350943885 aeng a351.3 PANE aPANDEY (Manohar) aEvaluate yourself before UPSC evaluates: Razor Edged ten practice sets general studies paper I aNew DelhibArihant Publications Pvt Ltd.c a306 ayourself aUPSC aten astudies asets aRazor apractice apaper aI ageneral aevaluates: aEvaluate aEdged abefore aCivil Service a068082 c152070d152070 001040708Competitive ExamsaALbALcPublic Administrationd2021-02-17eBiblios, Bunts Hostel Road, Mangaloreg215.00l0o351.3 PANEp068082r2021-02-17 00:00:00w2021-02-17yBK